000 00432nam a2200193Ia 4500
005 20240823022603.0
008 240823s9999||||xx |||||||||||||| ||und||
020 _a978-0-07-058374-0
041 _aENGLISH
082 _A624.1834 P7
100 _aGambhir M L
245 0 _aConcrete Technology
250 _a3rd
260 _c2007
_bTMH New D
500 _aYES
650 _aConcrete
_bCivil
942 _cBK
999 _c179523
_d179523